Modern Educational Administration (Record no. 63052)

000 -LEADER
fixed length control field 00576nam a22001937a 4500
003 - CONTROL NUMBER IDENTIFIER
control field NUST - PNEC
005 - DATE AND TIME OF LATEST TRANSACTION
control field 20170116180803.0
008 - FIXED-LENGTH DATA ELEMENTS--GENERAL INFORMATION
fixed length control field 150417b xxu||||| |||| 00| 0 eng d
020 ## - INTERNATIONAL STANDARD BOOK NUMBER
International Standard Book Number 8126119381
040 ## - CATALOGING SOURCE
Transcribing agency LIBRARY
082 ## - DEWEY DECIMAL CLASSIFICATION NUMBER
Classification number 371.20711 SIN
100 ## - MAIN ENTRY--PERSONAL NAME
9 (RLIN) 2719
Personal name Singh, Bharat.
245 ## - TITLE STATEMENT
Title Modern Educational Administration
Statement of responsibility, etc. Bharat Singh.
250 ## - EDITION STATEMENT
Edition statement -
260 ## - PUBLICATION, DISTRIBUTION, ETC.
Place of publication, distribution, etc. India :
Name of publisher, distributor, etc. New Delhi,
Date of publication, distribution, etc. c 2004.
300 ## - PHYSICAL DESCRIPTION
Extent 286 p . :
650 ## - SUBJECT ADDED ENTRY--TOPICAL TERM
9 (RLIN) 2721
Topical term or geographic name entry element Modern Educational Administration
General subdivision School management and organization--Study and teaching (Higher)
942 ## - ADDED ENTRY ELEMENTS (KOHA)
Source of classification or shelving scheme
Koha item type Book
Holdings
Withdrawn status Lost status Source of classification or shelving scheme Damaged status Not for loan Permanent Location Current Location Shelving location Date acquired Source of acquisition Cost, normal purchase price Total Checkouts Full call number Barcode Date last seen Cost, replacement price Price effective from Koha item type
          Pakistan Navy Engineering College (PNEC) Pakistan Navy Engineering College (PNEC)   06/18/2005 Royal Book Company 815.00   371.20711 SIN PNECLIB-026886 04/17/2015 815.00 06/18/2005 Book
© 2023 Central Library, National University of Sciences and Technology. All Rights Reserved.